00639nam a2200229 a 450000100080000000500110000800800410001910000250006024500570008526000400014230000090018249000450019165300240023665300220026065300130028270000180029570000180031370000210033170000150035270000190036770000230038610032101996-05-22 1991 bl uuuu u0uu1 u #d1 aSILVA NETTO, F.G. da aMosca-dos-chifres (Haematobia irritans) em Rondonia. aPorto Velho, RO: EMBRAPA-CPAFc1991 a11p. a(EMBRAPA-CPAF Rondonia. Documentos, 23). aHAEMATOBIA IRRITANS aMOSCA DOS CHIFRES aRONDONIA1 aTAVARES, A.C.1 aALVES, P.M.P.1 aPEREIRA, R.G. de1 aLIMA, R.P.1 aSANTOS, J. dos1 aPATROCLO, C. de A.